Gilt-edge Johnny : or, Roldan and his rovers. The story of the "ranch accursed" /

Bibliographic Details
Main Author: Eyster, William R. (William Reynolds), 1841-1918
Format: Book
Language:English
Published: New York : Beadle & Adams, 1891.
Series:Beadle's New York dime library ; no. 659.
Beadle's dime novels ; DL-659.

MARC

Tag First Indicator Second Indicator Subfields
LEADER 00000cam a2200000 i 4500
001 in00001363549
005 20151006074940.0
008 800821r19801891miua a 000 1 eng d
035 |a (OCoLC)06644353 
035 |9 AHJ0185AM 
037 |a CL0054000003  |b University Microfilms International 
037 |b University Microfilms International, 300 N. Zeeb Rd., Ann Arbor, MI 48106 
040 |a UMI  |c UMI  |d UtOrBLW 
049 |a TXAI 
090 |a PS1654.E8  |b G5 
099 |a film  |a B  |a 3866 
100 1 |a Eyster, William R.  |q (William Reynolds),  |d 1841-1918. 
245 1 0 |a Gilt-edge Johnny :  |b or, Roldan and his rovers. The story of the "ranch accursed" /  |c by Wm. R. Eyster. 
264 1 |a New York :  |b Beadle & Adams,  |c 1891. 
300 |a 30 pages :  |b illustrations 
336 |a text  |b txt  |2 rdacontent 
337 |a microform  |b h  |2 rdamedia 
338 |a microfilm reel  |b hd  |2 rdacarrier 
490 1 |a Beadle's New York dime library ;  |v no. 659 
500 |a Microfilm. Ann Arbor, Mich. : University Microfilms International, 1980. -- 1 reel ; 35 mm. -- (Dime novels ; Unit 3 ; 659-DL : reel 37:39). 
500 |a Microform. 
830 0 |a Beadle's New York dime library ;  |v no. 659. 
830 0 |a Beadle's dime novels ;  |v DL-659. 
999 |a MARS 
999 f f |s 2a0a4180-a07b-3deb-8505-91f4a2d6706f  |i c99f0223-3654-34e6-9acc-979683bc09cb  |t 0 
952 f f |p default  |a Texas A&M University  |b College Station  |c Sterling C. Evans Library  |d Evans: Microforms (3rd floor)  |t 0  |e film B 3866 reel 37:39  |h Other scheme  |i microform -- microfilm reel 
998 f f |a film B 3866 reel 37:39  |t 0  |l Evans: Microforms (3rd floor)